000 01135cam a22002651i 4500
003 SA-RiAUC
005 20260316130759.0
008 241213s1971 ua g 000 0 ara c
040 _aSA-JeALM
_bara
_cSA-RiAUC
_erda
082 0 4 _a252.5
_qSA-RiAUC
090 _aم ن 252.5
_bر ا و
100 1 _aراوه، عبد الفتاح حسين ،
_d1334-1424 هجري
_eمؤلف.
245 1 0 _aمرشد الحاج والمعتمر والزائر إلى أعمال الحج والعمرة والزيارة /
_cعبد الفتاح حسين راوة .
264 1 _aمكة المكرمة :
_bعبدالفتاح حسين راوة،
_c1971
264 3 _aالقاهرة :
_bمطابع المدني
300 _a120 صفحة ؛
_c29 سم
336 _aنص
_btxt
_2rdacontent
_3كتاب
337 _aبدون وسيط
_bn
_2rdamedia
338 _aمجلد
_bnc
_2rdacarrier
650 7 _aزيارة المدينة المنورة
_2aucsh
650 7 _aالحج (فقه إسلامي)
_xمناسك
_2aucsh
650 7 _aالحج (فقه إسلامي)
_xمناسك
_2aucsh
942 _2ddc
_cRBOOK COPY
_n0
949 _aSA-JeALM
_d241213
_uosman123
_n1
999 _c14635
_d14635